000 00753nam a2200241 a 4500
001 419
003 BR-CuiBMT
005 20231121224927.0
008 231106s2016 dtba 000 0 por d
020 _a9788595270015
040 _aBR-CuiBMT
_cBR-CuiBMT
080 _22007
_a342.736
090 _a342.736
_bB238d
100 1 _aBarbosa Sobrinho, Osório Silva
245 1 0 _aDireito constitucional de petição :
_bexercício da cidadania /
_cOsório Silva Barbosa Sobrinho.
260 _aBrasília :
_bESMPU,
_c2016.
300 _a316 p. :
_bil. color. ;
_c23 cm
504 _aInclui bibliografia.
650 _aDireito de petição
650 _aDireitos fundamentais
650 _aDireito constitucional
_vjurisprudência
_zBrasil
942 _2udc
_cLV
999 _c419
_d419